000
00289nam a2200121 a 4500
008
100917s1982|||| d
100
1
_a
Dickens, Charles
245
1
0
_a
Kronika Pickwickovho klubu 1
260
_b
Tatran
_a
Bratislava
_c
1982
020
_c
75
044
_a
xo
_c
SK
041
_a
slo
999
_c
10422
_d
10422